000 00746nam a2200205Ia 4500
003 GCL
008 140319s9999 xx 000 0 ara d
040 _aGCL /
_cGCL
082 0 4 _a813.01
_bا ا
100 1 _aابوالمعاطى ابوالنجا
245 1 0 _aالاعمال الكاملة: أبو المعاطى أبو النجا /
_cابوالمعاطى ابوالنجا
260 _a[S.N] :
_bالهيئة المصرية العامة للكتاب ،
_c1993
490 _aالاعمال الكاملة
_v0
650 0 4 _aالادب العربى
650 0 4 _aالقصص العربية
650 0 4 _aالقصص التاريخية
650 0 4 _aالقصص الاجتماعية
650 0 4 _aالقصة العربية
942 _2ddc
_cBK
999 _c29585
_d29585